EU Competition Law and the Challenge of Chinese State-Owned Enterprises
Čínske podniky a súťažné právo EÚ. Otázka, kto má byť v Číne považovaný za podnik, keďže sú firmy autonómne a podliehajú vplyvu zo strany štátu. Kontrola spojovania podnikov a posúdenie zlučiteľnosti spojenia s vnútorným európskym trhom EÚ pre účely stanovenia jurisdikcie EÚ. Otázka možnosti kontrol...
Enregistré dans:
| Auteur principal: | |
|---|---|
| Format: | Chapitre de livre |
| Langue: | anglais |
| Sujets: | |
| Tags: |
Pas de tags, Soyez le premier à ajouter un tag!
|
MARC
| LEADER | 00000naa a2200000 4500 | ||
|---|---|---|---|
| 001 | 0267058 | ||
| 005 | 20200713125516.6 | ||
| 041 | 0 | |a eng | |
| 044 | |a CZ | ||
| 245 | 1 | 0 | |a EU Competition Law and the Challenge of Chinese State-Owned Enterprises |c Václav Šmejkal |
| 520 | |a Čínske podniky a súťažné právo EÚ. Otázka, kto má byť v Číne považovaný za podnik, keďže sú firmy autonómne a podliehajú vplyvu zo strany štátu. Kontrola spojovania podnikov a posúdenie zlučiteľnosti spojenia s vnútorným európskym trhom EÚ pre účely stanovenia jurisdikcie EÚ. Otázka možnosti kontroly nad podnikmi. | ||
| 610 | 2 | 0 | |a Čína |
| 610 | 2 | 0 | |a podnik |
| 610 | 2 | 0 | |a právo súťažné |
| 610 | 2 | 0 | |a trh vnútorný |
| 610 | 2 | 0 | |a podnik štátny |
| 610 | 2 | 0 | |a Európska únia |
| 100 | 1 | |a Šmejkal, Václav | |